000 00366nam a2200133Ia 4500
008 231129s1997||||xx |||||||||||||| ||spa||
020 _a958-9181-38-4
040 _bspa
082 _a610.69 P716
245 0 _aPlata Rueda: hacia una medicina mas humana
260 _c1997
264 _aMedicina Panamericana
942 _2ddc
_cBKS
999 _c22851
_d22851